000 00753nam a2200253 a 4500
005 20210219153142.0
008 991125n 000 0 u
035 _aUPN01000080572
100 _aSimons, Williams
222 0 _aTEACHING HISTORY :
_bA JOURNAL OF METHODS
245 0 _aA "great issues" format in the american history survey : analysis of a pilot project
300 _a51-58
362 _a17, No. 2, 1992
505 _aDiciembre 1993
653 0 _aDESARROLLO CURRICULAR
653 0 _aENSEÑANZA PROGRAMADA
653 0 _aINSTRUCCION DE HISTORIA
653 0 _aMETODOS DE ENSEÑANZA
653 0 _aRECURSOS MATERIALES
653 0 _aRECURSOS PRIMARIOS
700 _aLapotin, Armand
904 _aAC
_b018383
905 _aArticulo
999 _c69581
_d69581